Quản trị doanh nghiệp hiện đại
Địa vị pháp lý của doanh nghiệp và các giám đốc thành viên hội đồng quản trị. Mô hình và các nguyên tắc hoạt động của hội đồng quản trị. Đánh giá hoạt động của hội đồng quản trị và tổng giám đốc. Đánh giá hoạt động của doanh nghiệp...
Gespeichert in:
| Format: | Buch |
|---|---|
| Sprache: | Vietnamese |
| Veröffentlicht: |
H.
Tài chính
2006
|
| Schlagworte: | |
| Tags: |
Tag hinzufügen
Keine Tags, Fügen Sie den ersten Tag hinzu!
|
| Thư viện lưu trữ: | Trung tâm Học liệu Lê Vũ Hùng, Trường Đại học Đồng Tháp |
|---|
| LEADER | 01463pam a22002658a 4500 | ||
|---|---|---|---|
| 001 | 00025766 | ||
| 005 | 20171026081023.0 | ||
| 008 | 110811s2006 ||||||viesd | ||
| 020 | |c 60000 | ||
| 041 | 0 | # | |a vie |
| 082 | 1 | 4 | |a 658 |b QU105TR |
| 245 | 0 | 0 | |a Quản trị doanh nghiệp hiện đại |c Dành cho giám đốc và thành viên hội đồng quản trị ở Việt Nam |
| 260 | # | # | |a H. |b Tài chính |c 2006 |
| 300 | # | # | |a 380 tr. |c 21 cm. |
| 500 | # | # | |a ĐTTS ghi: Học viện Tài chính. Dự án Nâng cao năng lực quản trị doanh nghiệp cho giám đốc doanh nghiệp |
| 520 | 3 | # | |a Địa vị pháp lý của doanh nghiệp và các giám đốc thành viên hội đồng quản trị. Mô hình và các nguyên tắc hoạt động của hội đồng quản trị. Đánh giá hoạt động của hội đồng quản trị và tổng giám đốc. Đánh giá hoạt động của doanh nghiệp |
| 650 | # | 4 | |a Hội đồng kinh doanh |
| 650 | # | 4 | |a Kinh tế doanh nghiệp |
| 650 | # | 4 | |a Quản trị |
| 650 | # | 4 | |a Quản trị kinh tế |
| 852 | # | # | |b Kho mượn |j KM.0007480, KM.0007165, KM.0007474, KM.0007381 |
| 852 | # | # | |b Kho đọc |j KD.0010642 |
| 852 | # | # | |j KM.0007165 |j KM.0007474 |j KM.0007381 |j KD.0010642 |j KM.0007480 |
| 910 | |d 11/08/2011 | ||
| 980 | # | # | |a Trung tâm Học liệu Lê Vũ Hùng, Trường Đại học Đồng Tháp |